Crayola Colors by Any 3 Letters Quiz Stats

 Plays Quiz Updated Mar 4, 2019

Score 0/120 Timer 05:00
6 Plays Today
% Correct
Blue Green
99.3%
Green Yellow
99.2%
Yellow Green
99.2%
Pine Green
99.1%
Red Orange
99.1%
Yellow Orange
98.8%
Caribbean Green
98.6%
Blue Violet
98.5%
Screamin' Green
98.5%
Forest Green
98.4%
Olive Green
98.4%
Sea Green
98.4%
Jungle Green
98.4%
Spring Green
98.3%
Violet Red
98.3%
Gray
98.2%
Red Violet
98.2%
Green
98.2%
Blue
98.2%
Turquoise Blue
98%
Navy Blue
97.8%
Sky Blue
97.8%
Robin's Egg Blue
97.5%
Wild Blue Yonder
97.4%
Midnight Blue
97.4%
Brick Red
97.3%
Cadet Blue
97.2%
Blue Bell
97.2%
Pacific Blue
97.1%
Violet (Purple)
97%
Radical Red
96.9%
Red
96.6%
Unmellow Yellow
96.5%
Yellow
95.9%
Blush
95.5%
Black
95.5%
Burnt Orange
95.4%
Tickle Me Pink
95.4%
Carnation Pink
95.1%
Orange
95%
% Correct
Sunset Orange
94.8%
Purple Mountain's Majesty
94.7%
Pink Sherbert
94.6%
Pink Flamingo
94.6%
Shocking Pink
94.3%
Outrageous Orange
94.2%
Piggy Pink
93.8%
Purple Heart
92.7%
Royal Purple
92.6%
Purple Pizzazz
92.4%
Brown
91.9%
White
87.3%
Granny Smith Apple
81.8%
Vivid Tangerine
80.7%
Atomic Tangerine
79.9%
Vivid Violet
79.8%
Mango Tango
78.1%
Tan
72.3%
Aquamarine
69.8%
Macaroni and Cheese
64.7%
Hot Magenta
64.5%
Electric Lime
60.8%
Magenta
58.9%
Burnt Sienna
58.4%
Goldenrod
58%
Gold
56.9%
Scarlet
56.4%
Peach
55.7%
Silver
55.1%
Neon Carrot
53.2%
Wild Watermelon
53%
Tropical Rain Forest
52.8%
Cornflower
52.2%
Wild Strawberry
51.5%
Indigo
50.1%
Laser Lemon
49.9%
Maroon
48.8%
Lavender
46.8%
Sunglow
46.5%
Banana Mania
45.5%
% Correct
Cotton Candy
45.1%
Razzle Dazzle Rose
43.9%
Salmon
43.6%
Periwinkle
43.4%
Desert Sand
42.6%
Copper
41%
Raw Sienna
40.8%
Manatee
39.5%
Cerulean
39.4%
Dandelion
39.2%
Antique Brass
38.5%
Eggplant
37.5%
Cerise
37.1%
Outer Space
36.4%
Apricot
35.6%
Jazzberry Jam
35.3%
Chestnut
34.9%
Mauvelous
34.5%
Canary
34.3%
Timberwolf
34.3%
Wisteria
34.1%
Beaver
30.6%
Fuchsia
30.2%
Asparagus
29.3%
Bittersweet
29.1%
Almond
29.1%
Melon
29%
Razzmatazz
28.3%
Tumbleweed
27.4%
Shamrock
27.1%
Shadow
26.8%
Mountain Meadow
25.7%
Orchid
24.2%
Plum
23.6%
Mahogany
23.4%
Denim
20.3%
Sepia
18.3%
Fern
16.3%
Inchworm
14.6%
Fuzzy Wuzzy
14%

You're not logged in!

Compare scores with friends on all Sporcle quizzes.
OR
Log In

Sporcle TV

Today on Sporcle TV


Watch our educational content, quiz creation guides, and fun videos on Sporcle TV.

Show Comments

Extras

Top Quizzes Today


Score Distribution

Your Account Isn't Verified!

In order to create a playlist on Sporcle, you need to verify the email address you used during registration. Go to your Sporcle Settings to finish the process.

Report this User

Report this user for behavior that violates our Community Guidelines.

Details: